Modern Engineering Physics(For BE/B Tech/B Arch Students) (Record no. 531387)

000 -LEADER
fixed length control field 00367nam a2200133Ia 4500
008 - FIXED-LENGTH DATA ELEMENTS--GENERAL INFORMATION
fixed length control field 191014s9999 xx 000 0 und d
020 ## - INTERNATIONAL STANDARD BOOK NUMBER
International Standard Book Number 81-219-1757-3
082 ## - DEWEY DECIMAL CLASSIFICATION NUMBER
Classification number 530
Author Mark VAS
100 ## - MAIN ENTRY--PERSONAL NAME
Personal name A.S. Vasudeva
9 (RLIN) 23862
245 #0 - TITLE STATEMENT
Title Modern Engineering Physics(For BE/B Tech/B Arch Students)
260 ## - PUBLICATION, DISTRIBUTION, ETC.
Place of publication, distribution, etc. India
Name of publisher, distributor, etc. S. Chand Technical
Date of publication, distribution, etc. 2010
300 ## - PHYSICAL DESCRIPTION
Extent Xx,451
942 ## - ADDED ENTRY ELEMENTS (KOHA)
Koha item type Book
Holdings
Withdrawn status Lost status Damaged status Not for loan Permanent Location Current Location Date acquired Source of acquisition Cost, normal purchase price Total Checkouts Full call number Barcode Date last seen Price effective from Koha item type
        School of Natural Sciences (SNS) School of Natural Sciences (SNS) 10/15/2019 Tahir Zareef Kayani 0.00   530VAS SNS0003164 10/15/2019 10/15/2019 Book
© 2023 Central Library, National University of Sciences and Technology. All Rights Reserved.